| 000 | 00634cam a2200217 4500 | ||
|---|---|---|---|
| 001 | WB3612-33 | ||
| 008 | 000000n2000 000 0 eng u | ||
| 035 | _a(Sirsi) u104985 | ||
| 245 | _aRent factoring | ||
| 260 | _c2000 | ||
| 490 |
_aInland Revenue Press Release _v(REVBN2M) 21 March 2000 (2) |
||
| 520 | _aGovernment will introduce legislation to clarify the tax rules for rent factoring schemes. Gives summary of measures. | ||
| 590 | _aWB | ||
| 650 | _aRENT FACTORING SCHEMES | ||
| 650 | _aTAX AVOIDANCE | ||
| 650 | _aCOMPANIES | ||
| 650 | _aINCOME TAX | ||
| 650 | _aBUDGET 2000 | ||
| 690 | _aTAXATION | ||
| 942 | _n0 | ||
| 999 |
_c62973 _d62973 |
||